Statistiques concernant Meilleur Buteur par sélection #1

Cliquez ici pour prendre le quiz!

Statistiques générales

  • Ce quiz a été pris 167 fois
  • Le résultat moyen est 8 sur 10

Statistiques - réponses

SélectionNombre de butsSaisonsJoueur% Correct
Portugal115(2003-)Ronaldo
100%
Argentine80(2005-)Messi
99%
France51(1997-2010)Henry
95%
Belgique65(2010-)Lukaku
92%
Brésil77(1957-1971)Pelé
92%
Angleterre53(2003-2018)Rooney
87%
Allemagne71(2001-2014)Klose
79%
Espagne59(2005-2017)Villa
76%
Pays-bas50(2005-2017)Van Persie
72%
Italie35(1965-1974)Riva
13%

Distribution des résultats

Percentile par nombre de réponses

% des personnes avec chaque résultat

Votre développement - résultats

Vous n’avez pas pris ce quiz